<?xml version="1.0" encoding="UTF-8"?>
<record
    xmlns:xsi="http://www.w3.org/2001/XMLSchema-instance"
    xsi:schemaLocation="http://www.loc.gov/MARC21/slim http://www.loc.gov/standards/marcxml/schema/MARC21slim.xsd"
    xmlns="http://www.loc.gov/MARC21/slim">

  <leader>01336nam0a22003131  4500</leader>
  <controlfield tag="001">v19\rc\1681636</controlfield>
  <controlfield tag="005">20260406061918.0</controlfield>
  <datafield tag="035" ind1=" " ind2=" ">
    <subfield code="a">(NLR Aleph) 005230023</subfield>
  </datafield>
  <datafield tag="090" ind1=" " ind2=" ">
    <subfield code="a">5595381</subfield>
    <subfield code="c">5595381</subfield>
  </datafield>
  <datafield tag="100" ind1=" " ind2=" ">
    <subfield code="a">20061002d1901    |||y0rusy50      ca</subfield>
  </datafield>
  <datafield tag="101" ind1="0" ind2=" ">
    <subfield code="a">rus</subfield>
  </datafield>
  <datafield tag="102" ind1=" " ind2=" ">
    <subfield code="a">RU</subfield>
  </datafield>
  <datafield tag="105" ind1=" " ind2=" ">
    <subfield code="a">y   z   |||||</subfield>
  </datafield>
  <datafield tag="200" ind1="1" ind2=" ">
    <subfield code="a">&#x41A;&#x430;&#x440;&#x43B; &#x412;&#x435;&#x43B;&#x438;&#x43A;&#x438;&#x439;</subfield>
    <subfield code="f">&#x421;.&#x420;.</subfield>
  </datafield>
  <datafield tag="205" ind1=" " ind2=" ">
    <subfield code="a">[2-&#x435; &#x438;&#x437;&#x434;.]</subfield>
  </datafield>
  <datafield tag="210" ind1=" " ind2=" ">
    <subfield code="a">&#x425;&#x430;&#x440;&#x44C;&#x43A;&#x43E;&#x432;</subfield>
    <subfield code="c">&#x418;&#x437;&#x434;. &#x43A;&#x43E;&#x43C;. &#x425;&#x430;&#x440;&#x44C;&#x43A;&#x43E;&#x432;&#x441;&#x43A;. &#x43E;-&#x432;&#x430; &#x440;&#x430;&#x441;&#x43F;&#x440;&#x43E;&#x441;&#x442;&#x440;&#x430;&#x43D;&#x435;&#x43D;&#x438;&#x44F; &#x432; &#x43D;&#x430;&#x440;&#x43E;&#x434;&#x435; &#x433;&#x440;&#x430;&#x43C;&#x43E;&#x442;&#x43D;&#x43E;&#x441;&#x442;&#x438;</subfield>
    <subfield code="d">1901</subfield>
  </datafield>
  <datafield tag="215" ind1=" " ind2=" ">
    <subfield code="a">48 &#x441;.</subfield>
    <subfield code="d">16</subfield>
  </datafield>
  <datafield tag="300" ind1=" " ind2=" ">
    <subfield code="a">&#x41D;&#x430; &#x43E;&#x431;&#x43B;. &#x43D;&#x43E;&#x43C;&#x435;&#x440; &#x438;&#x437;&#x434;.: &#x2116; 35</subfield>
  </datafield>
  <datafield tag="300" ind1=" " ind2=" ">
    <subfield code="a">&#x410;&#x432;&#x442;. &#x443;&#x441;&#x442;&#x430;&#x43D;&#x43E;&#x432;&#x43B;&#x435;&#x43D; &#x43F;&#x43E; &#x438;&#x437;&#x434;.: &#x41C;&#x430;&#x441;&#x430;&#x43D;&#x43E;&#x432; &#x418;.&#x424;. &#x421;&#x43B;&#x43E;&#x432;&#x430;&#x440;&#x44C; &#x43F;&#x441;&#x435;&#x432;&#x434;&#x43E;&#x43D;&#x438;&#x43C;&#x43E;&#x432;... &#x41C;., 1958. &#x422;. 3. &#x421;. 61; &#x43F;&#x43E; &#x430;&#x43D;&#x430;&#x43B;&#x43E;&#x433;&#x438;&#x438; &#x441; &#x434;&#x440;&#x443;&#x433;&#x438;&#x43C;&#x438; &#x435;&#x433;&#x43E; &#x43F;&#x440;&#x43E;&#x438;&#x437;&#x432;&#x435;&#x434;&#x435;&#x43D;&#x438;&#x44F;&#x43C;&#x438;</subfield>
  </datafield>
  <datafield tag="700" ind1=" " ind2="1">
    <subfield code="8">rus</subfield>
    <subfield code="7">ca</subfield>
    <subfield code="a">&#x420;&#x443;&#x441;&#x43E;&#x432;&#x430;</subfield>
    <subfield code="b">&#x421;. &#x424;.</subfield>
    <subfield code="f">1856-1940</subfield>
    <subfield code="g">&#x421;&#x43E;&#x444;&#x44C;&#x44F; &#x424;&#x435;&#x434;&#x43E;&#x440;&#x43E;&#x432;&#x43D;&#x430;</subfield>
    <subfield code="3">RU\NLR\AUTH\77115018</subfield>
    <subfield code="9">97943</subfield>
  </datafield>
  <datafield tag="702" ind1=" " ind2="0">
    <subfield code="4">570</subfield>
    <subfield code="8">rus</subfield>
    <subfield code="7">ca</subfield>
    <subfield code="a">&#x41A;&#x430;&#x440;&#x43B; &#x412;&#x435;&#x43B;&#x438;&#x43A;&#x438;&#x439;</subfield>
    <subfield code="c">&#x43A;&#x43E;&#x440;&#x43E;&#x43B;&#x44C; &#x444;&#x440;&#x430;&#x43D;&#x43A;&#x43E;&#x432;</subfield>
    <subfield code="f">742-814</subfield>
    <subfield code="3">RU\NLR\AUTH\7712111</subfield>
    <subfield code="9">121842</subfield>
  </datafield>
  <datafield tag="790" ind1=" " ind2="0">
    <subfield code="9">z01700</subfield>
    <subfield code="a">&#x421;. &#x420;.</subfield>
  </datafield>
  <datafield tag="801" ind1=" " ind2="0">
    <subfield code="a">RU</subfield>
    <subfield code="b">NLR</subfield>
    <subfield code="c">20061002</subfield>
    <subfield code="g">psbo</subfield>
  </datafield>
  <datafield tag="801" ind1=" " ind2="0">
    <subfield code="a">RU</subfield>
    <subfield code="b">RuMoRGB</subfield>
    <subfield code="c">20061002</subfield>
    <subfield code="2">psbo</subfield>
  </datafield>
  <datafield tag="801" ind1=" " ind2="1">
    <subfield code="a">RU</subfield>
    <subfield code="b">ProSoft-M</subfield>
    <subfield code="c">20061002</subfield>
    <subfield code="2">rusmarc</subfield>
  </datafield>
  <datafield tag="801" ind1=" " ind2="2">
    <subfield code="a">RU</subfield>
    <subfield code="b">NLR</subfield>
    <subfield code="c">20120911</subfield>
    <subfield code="2">rusmarc</subfield>
  </datafield>
  <datafield tag="852" ind1=" " ind2=" ">
    <subfield code="a">NLR</subfield>
    <subfield code="j">18.335.3.54</subfield>
  </datafield>
  <datafield tag="942" ind1=" " ind2=" ">
    <subfield code="c">BOOK</subfield>
  </datafield>
  <datafield tag="980" ind1=" " ind2=" ">
    <subfield code="a">NB</subfield>
  </datafield>
  <datafield tag="995" ind1=" " ind2=" ">
    <subfield code="5">2013-10-26</subfield>
    <subfield code="b">NLR02</subfield>
    <subfield code="c">NLR02</subfield>
    <subfield code="e">RFS</subfield>
    <subfield code="f">5230023-10</subfield>
    <subfield code="k">18.335.3.54</subfield>
    <subfield code="o">0</subfield>
    <subfield code="r">BOOK</subfield>
    <subfield code="s">18335354_</subfield>
  </datafield>
</record>
